| 000 | 00578nam a2200145Ia 4500 | ||
|---|---|---|---|
| 008 | 100204s9999 xx 000 0 und d | ||
| 082 | _b12287 | ||
| 100 | _aगडकर रेचल | ||
| 245 | _aहेमाली पोटल्या आणि इतर कथा | ||
| 260 |
_b"मॅजेस्टिक प्रकाशन , मुंबई" _c1989 |
||
| 300 | _a98 | ||
| 630 | _aहेमाली पोटल्या आणि इतर कथा | ||
| 730 | _aहेमाली पोटल्या आणि इतर कथा | ||
| 942 | _cBOOK | ||
| 999 |
_c456720 _d456717 |
||